| 000 | 00878nam a2200253Ia 4500 | ||
|---|---|---|---|
| 003 | OSt | ||
| 005 | 20220923215145.0 | ||
| 006 | a|||||r|||| 00| 0 | ||
| 007 | ta | ||
| 008 | 220922b |||||||| |||| 00| 0 hin d | ||
| 024 | _a176,076 | ||
| 037 | _cTextual | ||
| 040 |
_aARTS _cARTS _bhin |
||
| 041 |
_2hin _ahin |
||
| 082 | _aO152,1:g(R4), N2 | ||
| 100 | _aजोशी, गायत्री | ||
| 245 | 0 | _aहिन्दी प्रबन्धों में जीवन दर्शन | |
| 246 | _aHindī prabandhoan mean jīvan darshana | ||
| 260 |
_aजोधपुर _b राजस्थानी ग्रन्थागार _c1992 |
||
| 300 |
_a235 पृ. _ccm. |
||
| 650 |
_aहिन्दी साहित्य _9156264 |
||
| 942 |
_hO152,1:g(R4), N2 _cTEXL _2CC |
||
| 999 |
_c329734 _d329734 |
||